000 00369nam a2200133Ia 4500
008 231017s9999 xx 000 0 und d
082 _a388.420975
082 _bGAO
245 0 _aMass Transit: Issues Related to Providing Dedicated Funding for the Washington Metropolitan Area Transit Authority
245 0 _cGAO
260 _bGAO
300 _c30cm
942 _cREP
999 _c604220
_d604220